| 000 | 00703 a2200193 4500 | ||
|---|---|---|---|
| 999 |
_c9279 _d9279 |
||
| 020 | _a0421379804 (pbk.) | ||
| 020 | _a0421379707 (hard) | ||
| 050 | 0 | 0 | _aKF2971 COR 1989 |
| 100 | 1 |
_aCornish, W. R. _d1937- |
|
| 245 | 1 | 0 |
_aIntellectual property : _bpatents, copyright, trade marks, and allied rights / _cby W.R. Cornish. |
| 250 | _a2nd ed. | ||
| 264 |
_aLondon: _bSweet and maxwell., _c1989 |
||
| 300 | _axlvi, 528 p. ; | ||
| 500 | _aIncludes bibliographical references and indexes | ||
| 504 | _aIncludes bibliographical references and indexes. | ||
| 650 | 0 | _aIntellectual property | |
| 942 |
_2lcc _cBK _h1269 _iCOR _kKD |
||